000
00307nam a2200121Ia 4500
008
230907s9999||||xx |||||||||||||| ||und||
082
_a
658.404
_b
CLE
100
_a
Cleland, David I.
245
0
_a
Project management :
260
_a
McGraw-Hill,
_b
New York :
_c
2006
300
_a
xxii, 523 p. :
942
_c
BK
999
_c
600841
_d
600841